| 000 | 00000nam##2200000za#4500 |
| 001 | 9.639627 |
| 003 | CaOODSP |
| 005 | 20210624222250 |
| 007 | cr ||||||||||| |
| 008 | 150407|2000||||xxc|||||o f|0| 0 fre|d |
| 040 | |aCaOODSP|bfre |
| 043 | |an-cn--- |
| 086 | 1 |aF1-23/2000-5F-PDF |
| 110 | 1 |aCanada. |bMinistère des finances. |
| 245 | 10|aPermettre à l'économie canadienne d'innover davantage |h[ressource électronique] |
| 246 | 1 |aDe meilleures finances, une vie meilleure - Le budget de 2000 |
| 260 | |aOttawa - Ontario : |bFinances Canada |cLe 28 février 2000. |
| 300 | |a33p.|btableau |
| 500 | |aLe nº de catalogue (F1-23/2000-5F) et l'ISBN (0-662-84403-3) de l'édition imprimée ont été incorrectement copiés dans cette édition électronique. |
| 590 | |a12-11-Supp|b2012-03-27 |
| 691 | 07|aBudget|2gcpds |
| 691 | 07|aInnovation|2gcpds |
| 691 | 07|aPolitique d'investissement|2gcpds |
| 775 | 08|tMaking Canada's economy more innovative |w(CaOODSP)9.695490 |
| 856 | 40|ahttp://publications.gc.ca|qPDF|s165 Ko|uhttps://publications.gc.ca/collections/Collection/F1-23-2000-5F.pdf |